Quizzes
Events
Quiz Creation
Community
Videos
Private Events
Remove Ads
Sign In
Join for FREE
Feedback
Dark Mode
Quiz Categories
Sports
Geography
Music
Movies
Television
Just For Fun
Miscellaneous
History
Literature
Language
Science
Gaming
Entertainment
Religion
Holiday
For Kids
Quiz Lab
Recent
Popular Today
Quiz Kudos Today
Editor Picks
Curator Picks
Quizzes by...
Day
Popularity
Type
Ratings
Length
Year
Community
Subscriptions
Recent Discussions
Orange Saloon
Badges
Playlists
Quests
Create
Leaderboards
Showdown
Live 5
Trivia Bingo
Activity
Puzzle Library
Sporcle Events
Private Events
Virtual Trivia
Globe League
Become a Host
Pub Owners
SporcleCon
Opinionation
Our Games
Videos
Blog
Mobile Apps
Partnerships
Remove Ads and Go Orange
Feedback
Music
Pop Music
The Beatles
Song
Album
Lyrics
Bands
Singers
Artist
Clip
Rock
Rap
Classical
Billboard
Country Music
Kpop
Taylor Swift
Music
Pop Music
The Beatles
Song
Album
Lyrics
Bands
Singers
Artist
Clip
Rock
Rap
Classical
Billboard
Country Music
Kpop
Taylor Swift
Random Quiz
Search Sporcle
×
Quiz Lab
Quiz Lab
Music
Album
Type in answers that appear in a list
Type in answers that appear in a list
Classic
Best Score? Go Orange.
Songs from Van Halen Studio Albums Stats
Can you name the Can you name the Songs from Van Halen Studio Albums?
By
sweetneilky
15m
125 Questions
190 Plays
190 Plays
190 Plays
Comments
Comments
Give Quiz Kudos
Give Quiz Kudos
-
- Ratings
hide this ad
Replay
Link that replays current quiz
Next Quiz
Link to next quiz in quiz playlist
You Got
0%
They Got
Avg Score
53%
Avg Friend Score
Upgrade to see
Score Distribution
Jump to the score distribution portion of the page
Score
0/125
Timer
15:00
0
Plays Today
Album
% Correct
1984
Jump
93.7%
Van Halen I
Eruption
92.6%
1984
Panama
91.6%
1984
1984
88.9%
1984
Hot for Teacher
87.4%
Van Halen I
Runnin' With the Devil
85.3%
Van Halen I
You Really Got Me
83.7%
A Different Kind of Truth
Tattoo
81.7%
Diver Down
Pretty Woman
81.1%
Van Halen I
Ice Cream Man
80.5%
Van Halen II
Dance the Night Away
80%
5150
5150
80%
Fair Warning
Unchained
79.5%
5150
Dreams
78.9%
For Unlawful Carnal Knowledge
Right Now
78.4%
Van Halen II
Beautiful Girls
77.9%
1984
I'll Wait
77.4%
5150
Why Can't This Be Love
76.8%
For Unlawful Carnal Knowledge
Poundcake
76.8%
Van Halen I
Ain't Talkin' bout Love
75.8%
Van Halen I
Jamie's Cryin'
75.3%
Fair Warning
Mean Street
74.7%
1984
Top Jimmy
73.7%
A Different Kind of Truth
She's the Woman
73.1%
Van Halen II
Spanish Fly
72.6%
Women and Children First
Everybody Wants Some
72.1%
Women and Children First
And the Cradle Will Rock
71.6%
1984
Drop Dead Legs
71.6%
Diver Down
Little Guitars
71.1%
5150
Love Walks In
70.5%
OU812
When It's Love
70.5%
Women and Children First
Take Your Whiskey Home
69.9%
Van Halen I
Atomic Punk
69.5%
5150
Summer Nights
68.9%
Diver Down
Cathedral
67.4%
Diver Down
Dancing in the Street
66.3%
Van Halen II
D.O.A.
65.8%
5150
Best of Both Worlds
65.3%
OU812
Finish What Ya Started
64.7%
Van Halen II
Somebody Get Me a Doctor
64.2%
Diver Down
Big Bad Bill
64.2%
Diver Down
Happy Trails
64.2%
Album
% Correct
1984
House of Pain
64.2%
OU812
Cabo Wabo
63.7%
OU812
Black and Blue
63.7%
For Unlawful Carnal Knowledge
Top of the World
61.1%
For Unlawful Carnal Knowledge
316
60.5%
A Different Kind of Truth
Honeybabysweetiedoll
60.2%
Diver Down
Where Have All the Good Times Gone
60%
Fair Warning
Dirty Movies
59.5%
A Different Kind of Truth
Bullethead
59.1%
Van Halen II
Women in Love
58.9%
Van Halen II
You're No Good
58.4%
5150
Good Enough
58.4%
A Different Kind of Truth
Stay Frosty
58.1%
For Unlawful Carnal Knowledge
Runaround
57.9%
Women and Children First
Romeo Delight
57.4%
Fair Warning
Sunday Afternoon in the Park
57.4%
OU812
Feels So Good
56.8%
Van Halen II
Light Up the Sky
56.3%
Women and Children First
Tora Tora
56.3%
A Different Kind of Truth
China Town
55.9%
1984
Girl Gone Bad
55.8%
Diver Down
Intruder
55.3%
A Different Kind of Truth
You and Your Blues
54.8%
Van Halen I
I'm the One
54.7%
Van Halen I
Feel Your Love Tonight
54.7%
Balance
Can't Stop Lovin' You
54.7%
Diver Down
Hang Em High
54.2%
A Different Kind of Truth
Beats Workin
53.8%
Fair Warning
So This Is Love
53.7%
Fair Warning
Sinner's Swing
53.2%
A Different Kind of Truth
Big River
52.7%
Van Halen I
Little Dreamer
52.6%
5150
Inside
52.6%
Balance
The Seventh Seal
52.6%
OU812
A.F.U.
52.1%
Balance
Amsterdam
52.1%
A Different Kind of Truth
As Is
51.6%
A Different Kind of Truth
Outta Space
51.6%
Balance
Don't Tell Me
51.6%
5150
Get Up
50.5%
OU812
Mine All Mine
49.5%
A Different Kind of Truth
Blood and Fire
49.5%
Album
% Correct
Fair Warning
Hear About It Later
48.9%
Diver Down
The Full Bug
48.9%
Van Halen II
Bottoms Up
48.4%
Fair Warning
One Foot Out the Door
48.4%
Balance
Not Enough
48.4%
Women and Children First
Fools
47.9%
For Unlawful Carnal Knowledge
Spanked
47.9%
OU812
Sucker in a 3 Piece
47.4%
Women and Children First
In a Simple Rhyme
46.8%
For Unlawful Carnal Knowledge
Judgement Day
45.8%
Diver Down
Secrets
45.3%
OU812
A Apolitical Blues
45.3%
Women and Children First
Could This Be Magic
44.2%
For Unlawful Carnal Knowledge
Pleasure Dome
44.2%
A Different Kind of Truth
The Trouble with Never
44.1%
III
Neworld
43.7%
III
Fire in the Hole
43.2%
Fair Warning
Push Comes to Shove
42.6%
Women and Children First
Loss of Control
42.1%
Balance
Baluchitherium
41.6%
Balance
Feelin
41.1%
Van Halen II
Outta Love Again
40.5%
OU812
Source of Infection
40%
For Unlawful Carnal Knowledge
Man on a Mission
40%
For Unlawful Carnal Knowledge
In N Out
39.5%
For Unlawful Carnal Knowledge
The Dream is Over
39.5%
III
Without You
38.9%
Balance
Big Fat Money
37.9%
Balance
Aftershock
37.9%
III
Ballot or the Bullet
37.4%
III
Dirty Water Dog
35.8%
III
Josephina
35.3%
Balance
Take Me Back
34.2%
III
Once
34.2%
Balance
Strung Out
31.6%
III
How Many Say I
28.9%
III
Primary
28.4%
Balance
Doin' Time
27.9%
III
From Afar
25.8%
III
Year to the Day
23.7%
III
One I Want
18.9%
Quiz Playlist
Details
Report
Send in Message
Add To Playlist
Classic:
Type in answers that appear in a list
Quiz Source
Last Updated: Feb 16, 2017
Quiz Scoreboard
CHALLENGE
Sign Up to Join the Scoreboard
Show All
Scores
Hide
Comments
May contain spoilers
Recently Published
TV Characters by Other Roles V
by ghcgh
Television
5m
Decade Duel: World Leaders
by jenniferyan
History
4m
Alphabetical 'K' Countries by Flag Minefield
by ylime102
Geography
3m
More to Explore
Quiz From the Vault
Featured Blog Post
15 Basketball Trivia Facts You Can Be March Mad About
hide this ad
You Might Also Like...
Tags
Album Quiz
Song Quiz
halen
studio
Studio Albums
Van
Van Halen
Today's Top Quizzes in Music
Browse Music
hide this ad
Today's Top Quizzes in Album
Browse Album
Top Contributed Quizzes in Music
1
Taylor Swift All Songs (2024)
2
KPOP LOGIC QUIZ
3
Taylor Swift Logic Puzzle
4
Decade Duel: Singer
5
Guess the Taylor Swift song (Mystery Song)
6
A Taylor Swift Logic Puzzle
7
Guess The Taylor Swift Lyrics Song #1
8
kpop group name match up
9
2 word kpop group match
10
K-Pop : 100 Debut Songs (Part 1 of 3)
Explore More
Trending Topics
Disney
Crossword
Anime
Marvel
Harry Potter
NBA
Kpop
Puzzle
Song
Soccer
NFL
Country
Pokémon
The Office
WWE
hide this ad
More By:
sweetneilky
Quiz
Plays
Rating
Category
Featured
Created
College & Mascot Match-Up Blitz
5,276
4.00
Sports
Aug 14, 2012
College & Mascot Match-Up Marathon
1,810
4.50
Sports
Aug 14, 2012
Top 50 Heel Wrestlers
944
3.00
Sports
Oct 4, 2016
Which Boy Band were they in?
881
4.50
Music
Oct 6, 2016
Famous Eightsomes I
842
3.89
Just For Fun
Dec 4, 2009
Go to Creator's Profile
Score Distribution
Quiz Creator Spotlight
sweetneilky
Follow
Send a Message
Quizzes Created
-
Created Quiz Play Count
-
More By This Creator
Popular Quizzes Today
1
Countries of Asia Without Outlines Minefield
2
Find the US States - No Outlines Minefield
3
Pick 6: Fruits
4
The Countries of the World
5
Alphabetical 'K' Countries by Flag Minefield
6
Find the Countries of Europe - No Outlines Minefield
7
US States
8
Find the US States
More Music Quizzes
Instagram Accounts of Kpop Idols
Quiz Lab
Trending Quizzes
Pick 6: Mountains
Pick 6: Harry Potter
Pick 6: Flags
Pick 6: NFL Teams
Pick 6: Movie Franchises
Recently Updated
Adaptations: Name the Title
pecheneg
NWSL Teams
pecheneg
Women's Final Four Teams by Year
bhenderson79
Presidents Quartet II
eogle
Anything But Clue(do)
eogle
Anything But Oceanian Capitals
eogle
Anything But 7
eogle
Anything But Thing
eogle
Word Ladder: February 29
pecheneg
Song Title Questions
pecheneg
Trending Topics
Disney
NBA
Marvel
Anime
Crossword
Harry Potter
Kpop
WWE
Puzzle
Pokémon
Soccer
Country
NFL
The Office
Song
Your Account Isn't Verified!
In order to create a playlist on Sporcle, you need to verify the email address you used during registration. Go to your
Sporcle Settings
to finish the process.
Report this User
Report this user for behavior that violates our
Community Guidelines
.
Details:
Send Report
Go to the Sporcle.com Mobile Site →
Comments